Geography Odd One Out - Statistics

General Stats
  • This quiz has been taken 40 times
    16 since last reset
  • The average score is 10 of 15
Answer Stats
Question Answer % Correct
U.N Countries Abkhazia
100%
African Countries Brunei
100%
European Rivers Parana
100%
Island Countries Rwanda
90%
Polish Cities Košice
80%
Countries on the Adriatic sea Kosovo
80%
Former Yugoslav Countries Albania
70%
G7 Countries Australia
70%
U.S Territories Cayman Islands
70%
Former French Colonies Angola
60%
Countries That Have Won The FIFA World Cup Portugal
60%
Swahili Speaking Countries Malawi
50%
Slavic Languages Lithuanian
40%
Countries With a Land Border With Malaysia Singapore
40%
Neutral Countries During WW2 Iraq
0%
No matching quizzes found
Score Distribution
Percent of People with Each Score
Percentile by Number Answered
Your Score History
You have not taken this quiz since the last reset